00245nam a2200097 a 4500008004100000050001500041100001400056245004300070260002500113350000900138120416s1998 ||||||||||||||||| || u aTJ 213 Bol aBolton, W10aNewnes control engineering pocket book aOxfordbNewnesc1998 a0.00